000 00497cam a22001571 4500
040 _cICU
082 _a655 PUB 1964 A106 Or.
110 2 _aConference of Biological Editors.
245 1 0 _aStyle manual for biological journals.
250 _a2d ed.
260 _aWashington,
_bPublished for the Conference of Biological Editors by the American Institute of Biological Sciences
_c[1964]
300 _ax, 117 p.
_billus.
_c22 cm.
650 0 _aPrinting
650 0 _aTechnical writing
942 _cEK
999 _c16559
_d16559